Hélade y Roma (Record no. 167767)

MARC details
000 -LEADER
campo de control de longitud fija 00995nam a2200253 i 4500
001 - NÚMERO DE CONTROL
campo de control 167767
003 - IDENTIFICADOR DE NÚMERO DE CONTROL
campo de control ES-MaACL
005 - FECHA Y HORA DE LA ÚLTIMA TRANSACCIÓN
campo de control 20250809063532.0
008 - DATOS DE LONGITUD FIJA--INFORMACIÓN GENERAL
campo de control de longitud fija 191118s1933 sp | |||||||| ||spa d
245 00 - MENCIÓN DEL TÍTULO
Título Hélade y Roma
Resto del título : el origen del cristianismo /
Mención de responsabilidad, etc. por Walter Goetz, Carlos Julio Beloch, Gaetano de Sanctis, Ernesto Hohl, Hans, Barón de Soden ; versión española de Manuel García Morente.
260 ## - PUBLICACIÓN, DISTRIBUCIÓN, ETC.
Lugar de publicación, distribución, etc. Madrid :
Nombre del editor, distribuidor, etc. Espasa-Calpe,
Fecha de publicación, distribución, etc. 1933.
300 ## - DESCRIPCIÓN FÍSICA
Extensión XVI, 740 p., 36 h. (algunas plegadas) :
Otras características físicas il. col. y n., mapas ;
Dimensiones 27 cm.
651 #4 - PUNTO DE ACCESO ADICIONAL DE MATERIA--NOMBRE GEOGRÁFICO
Nombre geográfico Grecia-
Subdivisión general Historia.
9 (RLIN) 8777
651 #4 - PUNTO DE ACCESO ADICIONAL DE MATERIA--NOMBRE GEOGRÁFICO
Nombre geográfico Roma-
Subdivisión general Historia.
9 (RLIN) 9312
700 1# - ENTRADA AGREGADA--NOMBRE PERSONAL
Nombre de persona Goetz, Walter,
Fechas asociadas al nombre 1867-1958
9 (RLIN) 57579
700 1# - ENTRADA AGREGADA--NOMBRE PERSONAL
Nombre de persona Beloch, Karl Julius.
9 (RLIN) 168669
700 1# - ENTRADA AGREGADA--NOMBRE PERSONAL
Nombre de persona De Sanctis, Gaetano.
9 (RLIN) 172287
700 1# - ENTRADA AGREGADA--NOMBRE PERSONAL
Nombre de persona Hohl, Ernst Heinrich.
9 (RLIN) 168670
700 1# - ENTRADA AGREGADA--NOMBRE PERSONAL
Nombre de persona Soden, Hans,
Títulos y otros términos asociados al nombre Barón de.
9 (RLIN) 168671
700 1# - ENTRADA AGREGADA--NOMBRE PERSONAL
Nombre de persona García Morente, Manuel,
Fechas asociadas al nombre 1886-1942
9 (RLIN) 55002
852 ## - LOCALIZACIÓN
Ubicación ES-MaACL
Número de control de estantería F-15080
942 ## - ELEMENTOS DE ENTRADA SECUNDARIOS (KOHA)
Fuente del sistema de clasificación o colocación Clasificación decimal universal
Holdings
Estatus retirado Estado de pérdida Estado de daño No para préstamo Biblioteca de origen Biblioteca actual Ubicación en estantería Fecha de adquisición Fuente de adquisición Total de préstamos Signatura topográfica completa Código de barras Visto por última vez Precio de reemplazo Tipo de ítem Koha
        Biblioteca del Ateneo de Madrid Biblioteca del Ateneo de Madrid Sala Pecera Planta 2 18/11/2019     F-15080 1201254 23/02/2023 23/02/2023 Libro impreso